000 00515nam a2200181Ia 4500
003 GCL
008 140319s9999 xx 000 0 ara d
040 _aGCL /
_cGCL
082 0 4 _a301.412
_bس ا
100 1 _aسلامة موسى
245 1 0 _aالمرأة ليست لعبة الرجل /
_cسلامة موسى
300 _a113 ص
490 _a100 قصة
_v0
650 0 4 _aالاجتماع، علم
650 0 4 _aالاسرة والعائلة
650 0 4 _aالمرأة فى المجتمع
942 _2ddc
_cBK
999 _c45605
_d45605